Ako máme žiť Hovoríme s umeleckou vedúcou Bieleho divadla v Bratislave Ninou Zemanovou

Bibliographic Details
Main Authors: Zemanová, Nina (Author), Zelenayová, Eva, 1945- (Author)
Format: Article
Language:Slovak
Subjects:

MARC

LEADER 00000nab a2200000 a 4500
001 vtls000298374
003 SK-MaSNL
005 20260303195755.0
008 111201c1987 xo 0 slo
015 |a SNBRB19rr/mm-uuuuu 
035 |a CL0308493 
040 |a SNKBUCL  |b slo  |c SNKBUCL  |e AACR2 
041 0 |a slo 
044 |a xo  |c SK 
080 |a 792.5  |2 1981 
100 1 |a Zemanová, Nina  |4 aut  |9 981240 
245 1 0 |a Ako máme žiť  |b Hovoríme s umeleckou vedúcou Bieleho divadla v Bratislave Ninou Zemanovou  |c Nina Zemanová, Eva Zelenayová 
610 2 7 |a Biele divadlo  |2 snkbucl  |9 232833 
651 7 |a 5100  |2 snkbucl  |9 166206 
655 7 |a články z novín a časopisov  |2 snkbucl  |9 267496 
700 1 |a Zelenayová, Eva,  |d 1945-  |4 aut  |9 103764 
773 0 |t Smena  |g Roč. 40, č. 244 (17. 10. 1987), s. 6 
850 |a Slovenská národná knižnica v Martine  |a MTA001 
852 |a SNK  |b KIS3GCP 
958 |a RK 
992 |a RBX 
999 |c 2164790  |d 2166720